000 00494cam a2200217 4500
001 D13798
008 090401t1940 xxu||||| |||| 00| 0 eng d
035 _a(Sirsi) u11728
041 _aeng
100 _aRyde, Walter C
245 _aRyde on rating: the law and practice
250 _a7th
260 _aLondon
_bButterworths
_c1940
300 _a1285p
350 _a0
520 _aShelf 134
700 _aRowe, M.E.
700 _aWilliams, H.B.
942 _n0
948 _c04/03/1997
999 _c86902
_d86902